| 000 | 01185cad a22002415a 4500 | ||
|---|---|---|---|
| 001 | E148409 | ||
| 008 | 090915s2009 xxk f 000 0 eng d | ||
| 020 | _a9781409818397 | ||
| 035 | _a(Sirsi) u148409 | ||
| 041 | 0 | _aeng | |
| 050 | 0 | 4 | _a711.1 $2 18 |
| 110 | 2 |
_aUnited Kingdom _bDepartment for Communities and Local Government _94939 |
|
| 245 | 0 | 0 |
_aGuidance on associated development _bapplications to the Infrastructure Planning Commission _h[electronic resource] |
| 260 |
_aLondon _bDCLG _c2009 |
||
| 520 | _aSets out guidance for the Infrastructure Planning Commission (IPC) on what constitutes associated development. Under the Planning Act 2008, the IPC is responsible for determining whether development is associated development, having taken account of the Planning Act 2008 S115, and this guidance. | ||
| 521 | _aAdvanced | ||
| 590 | _aKA | ||
| 650 | 2 | 4 | _aPLANNING ACT 2008 |
| 651 | 4 |
_aEngland and Wales _y1543- |
|
| 690 | _aENVIRONMENTAL AND LAND CONSULTANCY-PLANNING AND DEVELOPMENT | ||
| 856 | 4 | 0 |
_uhttps://www.communities.gov.uk/publications/planningandbuilding/guidanceassocdevelopment _zView the guidance free of charge at www.communities.gov.uk... |
| 942 | _n0 | ||
| 999 |
_c110034 _d110034 |
||